| 000 | 00437nam a2200193Ia 4500 | ||
|---|---|---|---|
| 003 | OSt | ||
| 005 | 20260203105345.0 | ||
| 008 | 250729s1900 xx 000 0 und d | ||
| 040 | _cAL | ||
| 041 | _aeng | ||
| 082 | _a307.772 DSOV | ||
| 100 |
_aD'Souza S J Lawrence _9228351 |
||
| 245 | _aVaddars | ||
| 260 | _aMangalore | ||
| 300 | _a109p | ||
| 650 |
_aSociology _9228352 |
||
| 700 |
_aD'o Digumurthi _9228353 |
||
| 942 |
_2ddc _cBED |
||
| 999 |
_c237968 _d237968 |
||